Movies Quiz

Random Movies Quiz

Best Actress Oscar Nominees of the 1930s Quiz Stats

Quiz not verified by Sporcle

Challenge
Share
Tweet
Embed
Score 0/30 Timer 10:00
0 Plays Today
Answer % Correct
???
94.8%
???
92.7%
???
85.4%
???
85.4%
???
82.3%
???
81.3%
???
78.1%
???
72.9%
???
71.9%
???
69.8%
???
68.8%
???
67.7%
???
63.5%
???
60.4%
???
60.4%
Answer % Correct
???
55.2%
???
53.1%
???
52.1%
???
51%
???
51%
???
50%
???
45.8%
???
45.8%
???
42.7%
???
41.7%
???
40.6%
???
39.6%
???
39.6%
???
37.5%
???
30.2%

You're not logged in!

Compare scores with friends on all Sporcle quizzes.
Sign Up with Email
OR
Log In

You Might Also Like...

Show Comments

Extras

Top Quizzes Today


Score Distribution

Your Account Isn't Verified!

In order to create a playlist on Sporcle, you need to verify the email address you used during registration. Go to your Sporcle Settings to finish the process.